Silent victory, September 1940 (Record no. 366983)

000 -LEADER
fixed length control field 00348cam a22001217a 4500
008 - FIXED-LENGTH DATA ELEMENTS--GENERAL INFORMATION
fixed length control field 180718b1958 xxu||||| |||| 00| 0 eng d
082 ## - DEWEY DECIMAL CLASSIFICATION NUMBER
Classification number D49x42 G885
100 ## - MAIN ENTRY--PERSONAL NAME
Personal name Grinnell-Milne, Duncan
245 ## - TITLE STATEMENT
Title Silent victory, September 1940
Statement of responsibility, etc. by Duncan Grinnell-Milne
260 ## - PUBLICATION, DISTRIBUTION, ETC.
Place of publication, distribution, etc. London
Name of publisher, distributor, etc. Bodley Head
Date of publication, distribution, etc. 1958
300 ## - PHYSICAL DESCRIPTION
Extent 206p.
650 ## - SUBJECT ADDED ENTRY--TOPICAL TERM
Topical term or geographic name entry element Operation Sea Lion
Holdings
Withdrawn status Lost status Damaged status Not for loan Permanent Location Current Location Date acquired Full call number Barcode Date last seen Price effective from Koha item type
        Indian Institute of Public Administration Indian Institute of Public Administration 1994-05-07 D49x42 G885 11942 2018-07-21 2018-07-21 Book

Powered by Koha